Manual de diseño para arquitectos, diseñadores gráficos y artistas /

El tema central de este libro es el dibujo para principiantes. Inicia con el acto de dibujar como prolongación de la percepción visual; se analiza la diferencia entre lo que el sujeto ve y lo que cree ver, descomponiendo los elementos constitutivos de las imágenes; se habla luego de los materiales p...

Бүрэн тодорхойлолт

-д хадгалсан:
Номзүйн дэлгэрэнгүй
Үндсэн зохиолч: Porter, Tom (autor)
Бусад зохиолчид: Goodman, Sue (autor) (autor)
Формат: Ном
Хэл сонгох:испани
Нөхцлүүд:
Шошгууд: Шошго нэмэх
Шошго байхгүй, Энэхүү баримтыг шошголох эхний хүн болох!

MARC

LEADER 00000nam^a2200000^a^4500
001 000038971
005 20250521000000.0
009 20260310085526.41
020 |a 968-887-157-5 
037 |a Acervo ITESO - Biblioteca 
041 |a ESP 
082 |a 720. 28  |b POR 
100 |a Porter, Tom  |e (autor) 
245 1 0 |a Manual de diseño para arquitectos, diseñadores gráficos y artistas /  |c T. Porter, S. Goodman ; tr. por: Santiago Castán. 
264 |a Barcelona, España :  |b Gustavo Gili,  |c 1990 
300 |a 144 p. 
336 |a texto  |b txt  |2 rdacontenido 
337 |a sin mediación  |b n  |2 rdamedio 
338 |a volumen  |b nc  |2 rdasoporte 
500 |a Traducción de: Designer printer to Architects, Graphic Designers and Artists 
520 |a El tema central de este libro es el dibujo para principiantes. Inicia con el acto de dibujar como prolongación de la percepción visual; se analiza la diferencia entre lo que el sujeto ve y lo que cree ver, descomponiendo los elementos constitutivos de las imágenes; se habla luego de los materiales para dibujar y de las técnicas y métodos; viene luego el tema de las proyecciones ortogonales y la perpsectiva; por último se explica cómo construir imágenes. 
649 |a XX 
650 |a Arquitectura 
650 |a Representación Arquitectónica 
650 |a Dibujo Arquitectónico -  |x Materiales y Equipo 
700 |a Goodman, Sue  |e (autor) 
910 |a Fondo General 
920 |a Impresos - Libros 
930 |a Reserva Especial 
905 |a 103 
901 |a 0389710100  |b IT1  |c REE  |i 038971  |u 20250521 
902 |a https://opac.biblio.iteso.mx/vufind/Record/000038971